00469nam a22001337a 450000500170000002000180001708200190003524501360005426000360019030000180022670000600024494200120030499900190031620250919111628.0 a9781032768779 a320.954 JHA//I aIndian politics and political processes :bideas,institutions and practices/cedited by Mithilesh Kumar Jha and Kamal Nayan Choubey a. - Londonb: Routledgec, 2024 axxi+503 pages aJha, Mithilesh Kumar Choubey,Kamal Nayan editors91755 2ddccBK c751562d751562